| Tag |
First Indicator |
Second Indicator |
Subfields |
| LEADER |
00000cam a2200000 a 4500 |
| 001 |
in00002651975 |
| 005 |
20151202114057.0 |
| 008 |
090813s2010 nyu b 001 0 eng |
| 010 |
|
|
|a 2009032915
|
| 020 |
|
|
|a 9781606927908 (hc)
|
| 020 |
|
|
|a 1606927906 (hc)
|
| 029 |
1 |
|
|a AU@
|b 000044576590
|
| 035 |
|
|
|a (OCoLC)ocn431533907
|
| 035 |
|
|
|a (OCoLC)431533907
|
| 040 |
|
|
|a DLC
|c DLC
|d YDX
|d YDXCP
|d CDX
|d UtOrBLW
|
| 043 |
|
|
|a n-us---
|
| 049 |
|
|
|a TXAM
|
| 050 |
0 |
0 |
|a HG2040.5.U5
|b R465 2010
|
| 082 |
0 |
0 |
|a 332.63/23
|2 22
|
| 245 |
0 |
4 |
|a The rescue and repair of Fannie Mae and Freddie Mac /
|c editor, John C. Alkane.
|
| 264 |
|
1 |
|a New York :
|b Nova Science Publishers,
|c [2010]
|
| 264 |
|
4 |
|c ©2010
|
| 300 |
|
|
|a xiii, 128 pages ;
|c 24 cm.
|
| 336 |
|
|
|a text
|b txt
|2 rdacontent
|
| 337 |
|
|
|a unmediated
|b n
|2 rdamedia
|
| 338 |
|
|
|a volume
|b nc
|2 rdacarrier
|
| 490 |
1 |
|
|a Financial institutions and services
|
| 504 |
|
|
|a Includes bibliographical references and index.
|
| 610 |
2 |
0 |
|a Federal National Mortgage Association.
|
| 610 |
2 |
0 |
|a Federal Home Loan Mortgage Corporation.
|
| 650 |
|
0 |
|a Secondary mortgage market
|z United States.
|
| 650 |
|
0 |
|a Mortgage loans
|x Government policy
|z United States.
|
| 650 |
|
0 |
|a Housing
|x Finance
|x Government policy
|z United States.
|
| 700 |
1 |
|
|a Alkane, John C.
|
| 830 |
|
0 |
|a Financial institutions and services.
|
| 938 |
|
|
|a YBP Library Services
|b YANK
|n 3286909
|
| 938 |
|
|
|a Coutts Information Services
|b COUT
|n 10660046
|
| 945 |
|
|
|a PromptCat
|b 195191
|
| 946 |
|
|
|a west,stk
|
| 947 |
|
|
|a A14840577361
|
| 994 |
|
|
|a 92
|b TXA
|
| 948 |
|
|
|a Cataloged
|b h
|c 2011/1/12
|d c
|e rsmith
|
| 999 |
|
|
|a MARS
|
| 999 |
f |
f |
|s 12b937b8-c747-3fd1-8377-8e0d282b98ef
|i c458f181-2458-356f-a002-0623bef7492e
|t 0
|
| 952 |
f |
f |
|p ric
|a Texas A&M University
|b Rellis Campus
|c Joint Library Facility
|d Remote Storage
|t 0
|e HG2040.5.U5 R465 2010
|h Library of Congress classification
|i unmediated -- volume
|m A14840577361
|
| 998 |
f |
f |
|a HG2040.5.U5 R465 2010
|t 0
|l Remote Storage
|